| 000 | 00728nam a2200217 a 4500 | ||
|---|---|---|---|
| 001 | 72023 | ||
| 003 | BD-RjUL | ||
| 005 | 20211209082212.0 | ||
| 008 | 170513s1991 bg ||||| |||| 00| f ben d | ||
| 035 | _a(BD-RjUL)72239 | ||
| 040 |
_aBD-RjUL _bben _cBD-RjUL |
||
| 041 | _aben | ||
| 082 |
_223 _a891.443 _bHAB 1991 |
||
| 100 | 1 |
_a হক, সৈয়দ শামসুল _9192821 |
|
| 245 | 0 | 1 |
_aবাংলার মুখ / _cসৈয়দ শামসুল হক |
| 260 |
_aঢাকা : _bবিদ্যাপ্রকাশ, _c১৯৯১ |
||
| 300 |
_a১৪০ পৃ. ; _c২১ সেমি |
||
| 650 |
_aবাংলা উপন্যাস _9170454 |
||
| 650 |
_aBengali Fiction _9170455 |
||
| 942 |
_2ddc _cBK |
||
| 999 |
_c72023 _d72023 |
||